Actualisé : Mythologie Grecque → Quiz sur Apollon - Statistiques

Statistiques générales
  • Ce quiz a été pris 156 fois
  • Le résultat moyen est 8 sur 16
Statistiques - réponses
Question Réponse % Correct
Qui est son père ? Zeus
99%
Il est donc le frère,plus précisément frère jumeau de cette divinité : Artémis
92%
Instrument associé Lyre
92%
Qui est sa mère ? Léto
82%
Il est souvent confondu avec ce titan qui possède le pouvoir du soleil : Hélios
75%
Apollon est le Dieu de la Lumière,de l'élégance et des... Arts
73%
Un de ses fils qui est Dieu de la Médecine Asclépios
72%
Arme associée Arc
67%
Ville dans laquelle se trouve les ruines du sanctuaire d'Apollon Delphes
51%
Il tomba éperdument amoureux de cette nymphe suite à une flèche dorée envoyée par Éros : Daphné
50%
Végétal associé : Laurier
34%
Ville de naissance,qui est aussi une île selon la version la plus répandue : Délos
25%
Jeux organisés en son honneur tous les 4 ans : Les Jeux P... Pythiques
13%
Animal aquatique et souvent attribué et vivant dans les lacs Cygne
10%
Apollon est également le Dieu des purifications et de la... Guérison
10%
Autre fils d'Apollon,qui est relié à l'agriculture et dont l'unique sanctuaire a été retrouvé à Hyères,en France. Aristée
3%
Aucun quiz correspondant
Distribution des résultats
% des personnes avec chaque résultat
Percentile par nombre de réponses
Votre historique - résultats
Vous n’avez pas pris ce quiz